|
|
|
|
| LEADER |
01630nam a2200349 i 4500 |
| 001 |
AAL9629 |
| 003 |
BD-DhAAL |
| 005 |
20180526113138.0 |
| 008 |
260518s2015 bg 000 0 beno |
| 999 |
|
|
|c 39392
|d 39392
|
| 010 |
|
|
|a 2014359773
|
| 020 |
|
|
|a 9789849078715
|
| 025 |
|
|
|a B-B-2014359773
|
| 035 |
|
|
|a (MFDhaka) 2014359773
|
| 037 |
|
|
|b Library of Congress -- New Delhi Overseas Office
|
| 040 |
|
|
|a DLC
|b eng
|e rda
|c DLC
|d DLC
|d BD-DhAAL
|
| 050 |
0 |
0 |
|a DS395.5
|b .I24 2015
|
| 082 |
|
|
|a 351.5492
|
| 100 |
1 |
|
|a ইবরাহিম, সৈয়দ মুহাম্মদ
|d 1949-
|e author.
|9 25997
|
| 245 |
1 |
0 |
|a সমকালীন রাজনীতি প্রসঙ্গ ও অন্যান্য /
|c মে.জে.(অব.) সৈয়দ মুহাম্মদ ইবরাহিম
= Somkalin rajniti prosang o anyanya / by Syed Muhammad Ibrahim.
|
| 246 |
3 |
1 |
|a Somkalin rajniti prosang o anyanya
|
| 246 |
1 |
4 |
|a Samakālīna rājanaitika prasaṅga o anyānya
|
| 264 |
|
1 |
|a ঢাকা :
|b অনন্যা প্রকাশনী,
|c ২০১৫.
|
| 264 |
|
2 |
|a Jackson Heights, N.Y. :
|b U.S.A. distributor
|
| 300 |
|
|
|a 574 pages, 1 unnumbered page ;
|c 22 cm
|
| 520 |
|
|
|a Articles on contemporary politics of Bangladesh.
|
| 541 |
|
|
|e 9629
|
| 546 |
|
|
|a In Bengali.
|
| 651 |
|
0 |
|a Bangladesh
|x Politics and government
|y 1971-
|9 25998
|
| 852 |
|
|
|a Savar Campus Library
|c General Shelf
|
| 942 |
|
|
|2 ddc
|c BK
|
| 952 |
|
|
|0 0
|1 0
|2 ddc
|4 0
|6 351_549200000000000_IBR
|7 0
|9 63390
|a SCL
|b SCL
|c GEN
|d 2018-05-26
|e Development Book Agency
|g 595.00
|l 1
|o 351.5492 IBR
|p 3020009629
|r 2019-03-10
|s 2019-03-08
|t 1
|w 2018-05-26
|y BK
|